00409nam a2200157Ia 4500008004100000020001800041245003300059245004300092260002400135260002500159260000900184300001500193300002500208300001000233500000800243170705s9999 xx 000 0 und d a9781426306365 aFace to face with Leopards / cby Beverly Joubert and Dereck Joubert. aWashington, D. C. : bNational Geographic, c2009 a31 pages : bcolor illustration ; c26cm. a810